000
00321nam a22001457a 4500
999
_c
146004
_d
146004
082
_a
M2
_b
DAM/P
100
_a
Damodaran
245
_a
Pattabakki/
_c
by Damodaran.
260
_a
_b
_c
300
_a
650
_a
Drama Literature Malayalam
650
_a
Literature Malayalam
650
_a
Literature
942
_c
BK